000 00619nam a22001817a 4500
005 20170817120044.0
010 _aENG-119857
020 _a9788184655469
_c150.00
035 _aEN-103389
037 _bDBAD/PUB
082 _a270
100 _aMathew,V.M.
245 _aReformation as decolonization :
_cby V.M. Mathew
_ba posocolonial reading of Josianic reformation in juxtaposition with reformation of the mar Thoma Church /
260 _aKolkata
_bISPCK
_c2014
270 _a1584,1654,Madarsa Road,Kahmere Gate
_bDelhi
_e110006
300 _axxv,107p
_c21cm.(pbk)
942 _2ddc
_cEN
_h270
_mSAT
999 _c143464
_d143464